Quizzes
Events
Quiz Creation
Community
Videos
Private Events
Remove Ads
Sign In
Join for FREE
Feedback
Dark Mode
Quiz Categories
Sports
Geography
Music
Movies
Television
Just For Fun
Miscellaneous
History
Literature
Language
Science
Gaming
Entertainment
Religion
Holiday
For Kids
Quiz Lab
Recent
Popular Today
Quiz Kudos Today
Editor Picks
Curator Picks
Quizzes by...
Day
Popularity
Type
Ratings
Length
Year
Community
Subscriptions
Recent Discussions
Orange Saloon
Badges
Playlists
Quests
Create
Leaderboards
Showdown
Live 5
Trivia Bingo
Activity
Puzzle Library
Sporcle Events
Private Events
Virtual Trivia
Globe League
Become a Host
Pub Owners
SporcleCon
Opinionation
Our Games
Videos
Blog
Mobile Apps
Partnerships
Remove Ads and Go Orange
Feedback
Holiday
Halloween
Christmas
Holiday Songs
April Fools'
Thanksgiving
Valentine's Day
Easter
St Patrick's Day
National Holiday
Religious Holiday
Holiday
Halloween
Christmas
Holiday Songs
April Fools'
Thanksgiving
Valentine's Day
Easter
St Patrick's Day
National Holiday
Religious Holiday
Random Quiz
Search Sporcle
×
Quiz Lab
Quiz Lab
Holiday
State
Type in answers that appear in a list
Type in answers that appear in a list
Classic
Best Score? Go Orange.
Happy 4/20 Everyone! Stats
Can you name the states that have legalized use of medicinal marijuana, and then some common nicknames for marijuana?
By
mdkid2012
6m
35 Questions
3,190 Plays
3,190 Plays
3,190 Plays
Comments
Comments
Give Quiz Kudos
Give Quiz Kudos
-
- Ratings
hide this ad
Replay
Link that replays current quiz
Next Quiz
Link to next quiz in quiz playlist
You Got
0%
They Got
Avg Score
37%
Avg Friend Score
Upgrade to see
Score Distribution
Jump to the score distribution portion of the page
Score
0/35
Timer
06:00
0
Plays Today
Category
State
% Correct
State
California
92.2%
Nickname
Weed
82.4%
State
Washington
72.6%
State
Oregon
69%
State
Colorado
68.8%
Nickname
Pot
66.3%
State
Nevada
58.3%
Nickname
Mary Jane
54%
State
Maine
53%
State
New Mexico
51.9%
State
Vermont
48.5%
State
Montana
45.8%
State
Alaska
44.5%
Nickname
Grass
44%
State
Michigan
43.6%
State
New Jersey
43.4%
State
Hawaii
42.5%
Nickname
Bud
42%
Category
State
% Correct
Nickname
Ganja
38.9%
Nickname
Green
37.8%
State
Rhode Island
37.3%
Nickname
Dope
31.8%
Nickname
Reefer
26.7%
Nickname
Herb
23.3%
Nickname
Chronic
18.7%
Nickname
Tree
18.6%
Nickname
Dank
17%
Nickname
Sticky Icky
13.2%
Nickname
Cannabis
13%
Nickname
Wacky Tobacky
8.8%
Nickname
Sativa
2%
Nickname
Indo
1.8%
Nickname
Giggle
1.1%
Nickname
Killaz
0.8%
Nickname
Rego
0.7%
Quiz Playlist
Details
Report
Send in Message
Add To Playlist
Classic:
Type in answers that appear in a list
Last Updated: Jul 31, 2018
Quiz Scoreboard
CHALLENGE
Sign Up to Join the Scoreboard
Show All
Scores
Hide
Comments
May contain spoilers
Recently Published
College Basketball Coaching Resumes
by pancakes188
Sports
9m
Billboard Blitz: Fleetwood Mac
by CooCooCachoo
Music
15s
Presidents Visiting Landmarks
by Hejman
History
7m
More to Explore
Quiz From the Vault
Featured Blog Post
Where Did the Easter Bunny Come From?
hide this ad
You Might Also Like...
Tags
State Quiz
Everyone
Happy
Legalized
marijuana
usage
Today's Top Quizzes in Holiday
Browse Holiday
hide this ad
Today's Top Quizzes in State
Browse State
Top Contributed Quizzes in Holiday
1
5-to-1: Holiday Songs
2
5-to-1: Thanksgiving
3
Easter - Did You Know?
4
Word Ladder: Four Leaf Clover
5
Show What You Know: US Federal Holidays
6
Slices of Holidays
7
3-per Word Ladder: Listen Up!
8
A 50/50 Shot: Christmas Edition
9
The Holiday Category, A to Z
10
Holidays Spelling Bee
Explore More
Trending Topics
Kpop
Disney
Crossword
Harry Potter
Anime
Marvel
NBA
NFL
The Office
Song
Puzzle
Pokémon
Soccer
WWE
Country
hide this ad
More By:
mdkid2012
Quiz
Plays
Rating
Category
Featured
Created
US Census Race Categories
101,951
3.66
Miscellaneous
Oct 23, 2009
Are You Smarter Than A 5th Grader?
23,056
3.56
Just For Fun
Oct 17, 2009
Big 4 Green Teams
15,490
3.78
Sports
Oct 16, 2009
Who Has More...? (Sporcle Grab Bag)
14,886
2.08
Miscellaneous
Mar 23, 2010
Most/Least 'Liked' Sports Teams
12,954
4.29
Sports
Apr 13, 2011
Go to Creator's Profile
Score Distribution
Quiz Creator Spotlight
mdkid2012
Follow
Send a Message
Quizzes Created
-
Created Quiz Play Count
-
More By This Creator
Popular Quizzes Today
1
Find the US States - No Outlines Minefield
2
Find the Countries of Europe - No Outlines Minefield
3
The Countries of the World
4
Find the US States
5
Risky Map Clicking: Biggest States A-Z
6
US States
7
Popular People in 1961
8
Movies - When Are They Set?
More Holiday Quizzes
Draw a Hippopotamus for Christmas!
Editor's Pick
Trending Quizzes
Risky Map Clicking: Least Populous States A-Z
1-10 Letter G Words
1-10 Letter F Words
Risky Map Clicking: Next State Alphabetically
Risky Map Clicking: Biggest States A-Z
Recently Updated
Leaping Animals
pecheneg
Reality TV Shows (A-Z)
bhenderson79
Rickey Henderson's Hall of Fame Teammates
pecheneg
Champions League XIs: Arsenal
pecheneg
Quick Pick: Celebrities in WWE's Hall of Fame
aduchscher
A-Z Keypad Blitz II
pecheneg
Multiple Oscar Actors
pecheneg
Mystery Phrase Blitz: Oscar 'Best Actors'
pecheneg
F. Scott Fitzgerald Novels
LTH
Pick 3 Villains
ddd62291
Trending Topics
NBA
Anime
Marvel
Harry Potter
Kpop
Disney
Crossword
Song
Puzzle
Soccer
NFL
Country
WWE
Pokémon
The Office
Your Account Isn't Verified!
In order to create a playlist on Sporcle, you need to verify the email address you used during registration. Go to your
Sporcle Settings
to finish the process.
Report this User
Report this user for behavior that violates our
Community Guidelines
.
Details:
Send Report
Go to the Sporcle.com Mobile Site →
Comments